000 00507nam a2200181Ia 4500
003 GCL
008 140319s9999 xx 000 0 eng d
040 _aGCL /
_cGCL
082 0 4 _a005.133
_bH P
100 1 _aHANLY, JERI R.
245 1 0 _aPROBLEM SOLVING AND PROGRAM DESIGN INC /
_cHANLY, JERI R.
700 1 _aKOFFMAN, ELLIOT
260 _a[S.N] :
_bADDISON - WESLEY PUBLISHING COMPANY ،
_c1996
300 _a721 P
650 0 4 _aCOMPUTER LANGUAGE
650 0 4 _aC (COMPUTER PROGRAM)
942 _2ddc
_cBK
999 _c10637
_d10637